Szczegóły MARC21

Der Kleine Bruder /

001 -Numer kontrolny rekordu [,]
    • @
    • pole kontrolne
    • xx005494853
003 -Nazwa instytucji [,]
    • @
    • pole kontrolne
    • NUKAT
005 -Data i czas ostatniej zmiany [,]
    • @
    • Data ostatniej zmiany
    • 20241231112529.0
007 -Forma fizyczna dokumentu dźwiękowego [,]
    • @
    • Forma fizyczna dokumentu dźwiękowego
    • sd fsngnn|||ed
008 -Pole stałej długości [,]
    • @
    • pole
    • 230127s2008 gw nnnn f n ger c
020 -Międzynarodowy znormalizowany numer książki - ISBN [ , ]
    • a
    • Numer ISBN
    • 9783938781791 Find
035 -Inne numery kontrolne [ , ]
    • a
    • Numer kontrolny
    • (OCoLC)1369090952
040 -Instytucja sporządzająca opis [ , ]
    • c
    • Instytucja, która sporządziła rekord (NP)
    • SZCZ U/KPs
920 -ISBN [ , ]
    • a
    • ISBN
    • 978-3-938781-79-1 Find
942 -Rodzaj dokumentu [ , ]
    • c
    • Rodzaj dokumentu
    • Dokument Dźwiękowy - płyta
100 -Hasło główne - nazwa osobowa [1, ]
    • a
    • Nazwa osobowa (NP)
    • Regener, Sven
    • d
    • Daty biograficzne (NP)
    • (1961- ).
    • e
    • RRodzaj współpracy
    • Autor
245 -Strefa tytułu i oznaczenia odpowiedzialności [1,0]
    • a
    • Tytuł
    • Der Kleine Bruder /
    • c
    • Pozostałe elementy strefy tytułu i oznaczenia odpowiedzialności (NP)
    • Sven Regener.
246 -Wariant tytułu [1,3]
    • a
    • Tytuł (NP)
    • Sven Regener liest Der Kleine Bruder.
250 -Strefa wydania [ , ]
    • a
    • Oznaczenie wydania (NP)
    • Ungekürzte Autorenlesung.
260 -Strefa adresu wydawniczego [ , ]
    • a
    • Miejsce wydania (P)
    • Hamburg :
    • b
    • Nazwa wydawcy (P)
    • Hörbuch Hamburg,
    • c
    • Data wydania (P)
    • cop. 2008.
300 -Strefa opisu fizycznego [ , ]
    • a
    • Określenie formy książki i/lub objętość (NP)
    • 5 płyt CD (5 Std. 24 Min.) :
    • b
    • Inne szczegóły opisu fizycznego (NP)
    • digital, stereo ;
    • c
    • Format (NP)
    • 12 cm +
    • e
    • Oznaczenie dokumentu towarzyszącego (NP)
    • broszura : [4] strony ; 12 cm.
306 -Czas nagrania [ , ]
    • a
    • Czas nagrania
    • 052400
336 -Typ zawartości [ , ]
    • a
    • Termin określający typ nośnika
    • Słowo mówione
    • b
    • Kod określający zawartość
    • spw
    • 2
    • Źródło (termin i kod)
    • rdacontent
337 -Typ mediów [ , ]
    • a
    • Tryb odtwarzania
    • Audio
    • b
    • Kod typu nośnika
    • s
    • 2
    • Źródło (termin i kod)
    • rdamedia
338 -Typ/rodzaj nośnika [ , ]
    • a
    • Hasło opisujące typ nośnika
    • Płyta audio
    • b
    • Kod typu nośnika
    • sd
    • 2
    • Źródło (termin i kod)
    • rdacarrier
655 -Hasło przedmiotowe - forma [ ,7]
    • a
    • Określenie rzeczowe
    • Książki mówione
    • z
    • Określnik geograficzny
    • Niemcy
    • y
    • Określnik chronologiczny
    • 1990-.
655 -Hasło przedmiotowe - forma [ ,7]
    • a
    • Określenie rzeczowe
    • Powieść niemiecka
    • y
    • Określnik chronologiczny
    • 1990-.
710 -Hasło dodatkowe - nazwa ciała zbiorowego [2, ]
    • a
    • Nazwa ciała zbiorowego lub nazwa geograficzna jako pierwszy element (NP)
    • Hörbuch Hamburg HHV.
    • e
    • Rodzaj współpracy
    • Wydawca
    • 9
    • KHW
    • 640318
Cena Data inwentaryzacji Sposób nabycia Kierowanie Numer inwentarzowy Sygnatura Data wprowadzenia opisu Kod kreskowy Status udostępniania Akcesja
10.002023-02-14dBMAd.3000Germ. Audiobooki 662022-02-022005020030004-322d090/3